[Event "SVK-chT2B 2223"]
[Site "Slovakia"]
[Date "2022.10.09"]
[Round "2.7"]
[White "Bona, Zoltan"]
[Black "Vastik, Lukas"]
[Result "0-1"]
[WhiteElo "1851"]
[BlackElo "1804"]
[PlyCount "116"]
[EventDate "2022.10.08"]
[EventType "team-tourn"]
[EventRounds "11"]
[EventCountry "SVK"]
[SourceTitle "CBM 210 Extra"]
[Source "ChessBase"]
[SourceDate "2022.11.30"]
[SourceVersion "1"]
[SourceVersionDate "2022.11.30"]
[SourceQuality "1"]
[WhiteTeam "Batorove Kosihy"]
[BlackTeam "Belusa"]
[WhiteTeamCountry "SVK"]
[BlackTeamCountry "SVK"]

1. e4 e5 2. d4 exd4 3. c3 d5 4. exd5 Qxd5 5. Nf3 Bg4 6. Be2 Nc6 7. 0-0 0-0-0 8. Nxd4 Bxe2 9. Qxe2 Nxd4 10. cxd4 Qxd4 11. Be3 Qd3 12. Qg4+ Qd7 13. Qc4 Qe6 14. Qa4 a6 15. Nc3 Nf6 16. Rfe1 Qd7 17. Qc4 Bd6 18. Rac1 Rhe8 19. Red1 Qe6 20. Qa4 Ng4 21. Nd5 Bxh2+ 22. Kh1 Nxe3 23. Nxe3 Rxd1+ 24. Rxd1 Bd6 25. b4 Qe5 26. Kg1 f5 27. g3 Qe4 28. Rd4 Qe6 29. Nxf5 Be5 30. Re4 Qd7 31. b5 Qxb5 32. Qxb5 axb5 33. f4 g6 34. Ne3 Kd7 35. fxe5 Ke6 36. Nc2 Kd5 37. Rd4+ Kc5 38. Rd7 c6 39. Ne1 Kc4 40. Nf3 h5 41. Rg7 Re6 42. Kf2 b6 43. Ke3 c5 44. Ke4 b4 45. Rb7 b5 46. Ng5 Ra6 47. e6 Rxa2 48. Ke5 b3 49. Nf7 Re2+ 50. Kf6 b4 51. Ne5+ Rxe5 52. Kxe5 b2 53. e7 b1Q 54. Kd6 Qd3+ 55. Kc7 Qxg3+ 56. Kd8 Qd6+ 57. Kc8 Qc6+ 58. Rc7 Qe8+ 0-1

[Event "SVK-chT1W 2122"]
[Site "Slovakia"]
[Date "2021.11.06"]
[Round "1.7"]
[White "Kolcak, Marek"]
[Black "Bona, Zoltan"]
[Result "1/2-1/2"]
[WhiteElo "2104"]
[BlackElo "1838"]
[PlyCount "74"]
[EventDate "2021.11.06"]
[EventType "team-tourn"]
[EventRounds "11"]
[EventCountry "SVK"]
[SourceTitle "EXT 2023"]
[Source "ChessBase"]
[SourceDate "2022.10.05"]
[SourceVersion "1"]
[SourceVersionDate "2022.10.05"]
[SourceQuality "1"]
[WhiteTeam "Bratislava Slovan III"]
[BlackTeam "Batorove Kosihy"]
[WhiteTeamCountry "SVK"]
[BlackTeamCountry "SVK"]

1. e4 e5 2. Nf3 Nc6 3. Bb5 Nd4 4. Nxd4 exd4 5. 0-0 g6 6. c3 Bg7 7. cxd4 Bxd4 8. Nc3 Ne7 9. Ne2 Bg7 10. d4 0-0 11. Bg5 h6 12. Bh4 c6 13. Bc4 g5 14. Bg3 d5 15. exd5 Nxd5 16. Nc3 Be6 17. Bxd5 Bxd5 18. Qh5 f5 19. Be5 Bf7 20. Qf3 Qd7 21. Rad1 Rad8 22. h4 Qe8 23. Bxg7 Bh5 24. Qe3 Kxg7 25. Rd2 Qxe3 26. fxe3 Bg6 27. hxg5 hxg5 28. g4 f4 29. exf4 Rxf4 30. Rxf4 gxf4 31. Kf2 Kf6 32. Kf3 Kg5 33. d5 cxd5 34. Rxd5+ Rxd5 35. Nxd5 Bf7 36. Nxf4 Bxa2 37. Nh3+ Kh4 1/2-1/2

[Event "SVK-chT2B 1819"]
[Site "Slovakia"]
[Date "2018.11.18"]
[Round "4.5"]
[White "Batora, Matej"]
[Black "Bona, Zoltan"]
[Result "1-0"]
[WhiteElo "1951"]
[BlackElo "1855"]
[PlyCount "57"]
[EventDate "2018.10.13"]
[EventType "team-tourn"]
[EventRounds "11"]
[EventCountry "SVK"]
[SourceTitle "CBM 187 Extra"]
[Source "ChessBase"]
[SourceDate "2018.11.04"]
[SourceVersion "1"]
[SourceVersionDate "2018.11.04"]
[SourceQuality "1"]
[WhiteTeam "Tlmace"]
[BlackTeam "Batorove Kosihy II"]
[WhiteTeamCountry "SVK"]
[BlackTeamCountry "SVK"]

1. e4 e5 2. Nf3 Nc6 3. Bc4 d6 4. d4 Bg4 5. d5 Nd4 6. Nbd2 Nf6 7. h3 Nxf3+ 8. Nxf3 Bh5 9. Bb5+ Nd7 10. c4 a6 11. Ba4 Be7 12. 0-0 0-0 13. b4 f5 14. exf5 Rxf5 15. g4 e4 16. Nd4 Rf7 17. Ne6 Qc8 18. Bxd7 Qxd7 19. gxh5 Rf3 20. Bb2 Bh4 21. Bd4 c6 22. Qe2 cxd5 23. cxd5 Bf6 24. Qxe4 Bxd4 25. Qxf3 Bxa1 26. Rxa1 Rc8 27. h6 Re8 28. hxg7 Rxe6 29. Qf8# 1-0

[Event "SVK-chT2B 1516"]
[Site "Slovakia"]
[Date "2016.03.13"]
[Round "11.5"]
[White "Geffert, Peter"]
[Black "Bona, Zoltan"]
[Result "0-1"]
[WhiteElo "1935"]
[BlackElo "1896"]
[PlyCount "52"]
[EventDate "2015.10.17"]
[EventType "team-tourn"]
[EventRounds "11"]
[EventCountry "SVK"]
[SourceTitle "EXT 2019"]
[Source "ChessBase"]
[SourceDate "2018.10.10"]
[SourceVersion "1"]
[SourceVersionDate "2018.10.10"]
[SourceQuality "1"]
[WhiteTeam "Levice"]
[BlackTeam "Batorove Kosihy"]
[WhiteTeamCountry "SVK"]
[BlackTeamCountry "SVK"]

1. e4 e5 2. Nf3 Nc6 3. d4 exd4 4. Nxd4 Bc5 5. Be3 Qf6 6. c3 Nge7 7. Qd2 0-0 8. Nxc6 Qxc6 9. Bd3 b6 10. 0-0 Bb7 11. Bd4 f5 12. Bxc5 bxc5 13. f3 c4 14. Bc2 d5 15. Qe3 fxe4 16. Nd2 Nf5 17. Qg5 Qb6+ 18. Kh1 Ne3 19. Rfc1 Rae8 20. Ba4 Re6 21. Re1 exf3 22. Nxf3 d4 23. cxd4 Nxg2 24. Rxe6 Qxe6 25. Kxg2 Qe2+ 26. Kg1 Qxf3 0-1

[Event "SVK-chT2B 1516"]
[Site "Slovakia"]
[Date "2015.12.06"]
[Round "6.2"]
[White "Dvoranova, Maria"]
[Black "Bona, Zoltan"]
[Result "1/2-1/2"]
[WhiteElo "1909"]
[BlackElo "1898"]
[PlyCount "98"]
[EventDate "2015.10.17"]
[EventType "team-tourn"]
[EventRounds "11"]
[EventCountry "SVK"]
[SourceTitle "EXT 2019"]
[Source "ChessBase"]
[SourceDate "2018.10.10"]
[SourceVersion "1"]
[SourceVersionDate "2018.10.10"]
[SourceQuality "1"]
[WhiteTeam "Surany Lokomotiva"]
[BlackTeam "Batorove Kosihy"]
[WhiteTeamCountry "SVK"]
[BlackTeamCountry "SVK"]

1. Nf3 Nf6 2. d4 d5 3. c4 e6 4. Bg5 Be7 5. e3 0-0 6. Nc3 b6 7. cxd5 Nxd5 8. Nxd5 exd5 9. Bxe7 Qxe7 10. Rc1 Bb7 11. Bd3 Na6 12. 0-0 c5 13. Bb1 Rac8 14. dxc5 bxc5 15. a3 g6 16. Qa4 Rfd8 17. Rfd1 Qf6 18. Rd2 Rd6 19. Ba2 c4 20. b4 Rb6 21. Nd4 Nc7 22. Rc3 Ne8 23. f3 Nd6 24. Qd1 Nf5 25. Qc1 Re8 26. Nxf5 Qxf5 27. Rd4 Rbe6 28. Kf2 Qf6 29. Rf4 Qg5 30. h4 Qe7 31. e4 Qd6 32. h5 dxe4 33. Rxc4 e3+ 34. Ke1 g5 35. Rcd4 Qe5 36. Bxe6 gxf4 37. Bxf7+ Kxf7 38. Rd7+ Re7 39. Qc4+ Kf6 40. Rd4 Kg5 41. Qg8+ Rg7 42. Qd8+ Kxh5 43. g4+ fxg3 44. Rh4+ Kg6 45. Rg4+ Kf7 46. Qd7+ Kf8 47. Qd8+ Kf7 48. Qd7+ Kf8 49. Qd8+ Kf7 1/2-1/2

[Event "SVK-chT1W 1213"]
[Site "Slovakia"]
[Date "2013.02.23"]
[Round "8.7"]
[White "Bona, Zoltan"]
[Black "Sulek, Viliam"]
[Result "0-1"]
[WhiteElo "1948"]
[BlackElo "2062"]
[PlyCount "63"]
[EventDate "2012.10.20"]
[EventType "team-tourn"]
[EventRounds "11"]
[EventCountry "SVK"]
[SourceTitle "EXT 2015"]
[Source "ChessBase"]
[SourceDate "2014.11.20"]
[SourceVersion "1"]
[SourceVersionDate "2014.11.20"]
[SourceQuality "1"]
[WhiteTeam "Batorove Kosihy"]
[BlackTeam "Bratislava Slovan II"]
[WhiteTeamCountry "SVK"]
[BlackTeamCountry "SVK"]

1. e4 c5 2. Nf3 Nc6 3. d4 cxd4 4. Nxd4 Nf6 5. Nc3 d6 6. Be2 e5 7. Nb3 Be7 8. Be3 Be6 9. f3 0-0 10. Qd2 d5 11. exd5 Nxd5 12. Nxd5 Qxd5 13. Qxd5 Bxd5 14. 0-0-0 Rfd8 15. c4 Be6 16. Nc5 Bxc5 17. Bxc5 Rdc8 18. b3 b5 19. Rd2 bxc4 20. b4 a5 21. b5 Nb4 22. Bd6 c3 23. Rc2 f6 24. a3 Nxc2 25. Kxc2 a4 26. b6 Bb3+ 27. Kc1 Rab8 28. Bxb8 Rxb8 29. Bd3 Rxb6 30. Re1 Rd6 31. Re3 g6 32. h4 0-1

[Event "SVK-chT1W 1213"]
[Site "Slovakia"]
[Date "2013.01.13"]
[Round "6.6"]
[White "Hudoba, Ondrej"]
[Black "Bona, Zoltan"]
[Result "1-0"]
[WhiteElo "2140"]
[BlackElo "1948"]
[PlyCount "27"]
[EventDate "2012.10.20"]
[EventType "team-tourn"]
[EventRounds "11"]
[EventCountry "SVK"]
[SourceTitle "EXT 2015"]
[Source "ChessBase"]
[SourceDate "2014.11.20"]
[SourceVersion "1"]
[SourceVersionDate "2014.11.20"]
[SourceQuality "1"]
[WhiteTeam "Levice"]
[BlackTeam "Batorove Kosihy"]
[WhiteTeamCountry "SVK"]
[BlackTeamCountry "SVK"]

1. e4 e5 2. Nf3 Nc6 3. Bc4 d6 4. d3 Bg4 5. c3 g6 6. Qb3 Qd7 7. Ng5 Nh6 8. h3 f6 9. hxg4 Na5 10. Qb5 fxg5 11. Qxa5 b6 12. Qd5 c6 13. Qe6+ Qxe6 14. Bxe6 1-0

[Event "SVK-chT2B 1112"]
[Site "Slovakia"]
[Date "2011.11.05"]
[Round "3.5"]
[White "Bona, Zoltan"]
[Black "Kunovsky, Daniel"]
[Result "1-0"]
[WhiteElo "1968"]
[BlackElo "2069"]
[PlyCount "69"]
[EventDate "2011.10.08"]
[EventType "team-tourn"]
[EventRounds "11"]
[EventCountry "SVK"]
[SourceTitle "EXT 2013"]
[Source "ChessBase"]
[SourceDate "2012.11.22"]
[SourceVersion "1"]
[SourceVersionDate "2012.11.22"]
[SourceQuality "1"]
[WhiteTeam "Batorove Kosihy"]
[BlackTeam "Sala Slovan Duslo"]
[WhiteTeamCountry "SVK"]
[BlackTeamCountry "SVK"]

1. e4 e5 2. Nf3 Nc6 3. d4 exd4 4. Nxd4 Bc5 5. Be3 Nxd4 6. Bxd4 Bxd4 7. Qxd4 Qf6 8. c3 d6 9. Bc4 Qg6 10. Nd2 Ne7 11. f4 0-0 12. 0-0 Nc6 13. Qe3 Qh6 14. Rf3 Be6 15. Bd3 Rae8 16. Qf2 f5 17. Re1 fxe4 18. Nxe4 Bg4 19. Rfe3 Bd7 20. g3 Ne5 21. Qc2 Nxd3 22. Qxd3 Bc6 23. Ng5 Qg6 24. Qxg6 hxg6 25. Re7 a6 26. Kf2 Rc8 27. Ne6 Rf7 28. Ng5 Rf5 29. R1e6 Rf6 30. a3 Rxe6 31. Nxe6 Re8 32. Rxg7+ Kh8 33. Rxg6 Kh7 34. Rf6 Re7 35. Nd4 1-0

[Event "SVK-ch U16"]
[Site "Brezova pod Bradlom"]
[Date "2006.03.08"]
[Round "6"]
[White "Bona, Zoltan"]
[Black "Vrabel, Michal"]
[Result "1-0"]
[WhiteElo "1747"]
[BlackElo "1677"]
[PlyCount "81"]
[EventDate "2006.03.05"]
[EventType "swiss"]
[EventRounds "9"]
[EventCountry "SVK"]
[SourceTitle "EXT 2008"]
[Source "ChessBase"]
[SourceDate "2007.11.25"]
[SourceVersion "1"]
[SourceVersionDate "2007.11.25"]
[SourceQuality "1"]

1. e4 c5 2. Nf3 d6 3. d4 cxd4 4. Nxd4 Nf6 5. Nc3 g6 6. f3 Bg7 7. Be3 0-0 8. Qd2 Nc6 9. 0-0-0 Bd7 10. g4 Qa5 11. Kb1 Rfc8 12. h4 Ne5 13. Be2 Nc4 14. Bxc4 Rxc4 15. h5 Rac8 16. hxg6 fxg6 17. Nb3 Qc7 18. Bd4 b5 19. Bxf6 exf6 20. Qxd6 Qxd6 21. Rxd6 b4 22. Nd5 Bxg4 23. fxg4 Rxe4 24. Nxf6+ Bxf6 25. Rxf6 Rxg4 26. Rf2 h5 27. a3 bxa3 28. bxa3 h4 29. Rhh2 g5 30. Rfg2 Rcc4 31. Rxg4 Rxg4 32. Nd2 Rg3 33. Ne4 Rg1+ 34. Kb2 Kg7 35. c4 Rg4 36. Nd2 Rg3 37. c5 Re3 38. c6 Re6 39. Nf3 Rxc6 40. Nxg5 Kh6 41. Nf3 1-0

[Event "SVK-ch U16"]
[Site "Brezova pod Bradlom"]
[Date "2006.03.08"]
[Round "7"]
[White "Nagy, Attila4444"]
[Black "Bona, Zoltan"]
[Result "1/2-1/2"]
[WhiteElo "1736"]
[BlackElo "1747"]
[PlyCount "35"]
[EventDate "2006.03.05"]
[EventType "swiss"]
[EventRounds "9"]
[EventCountry "SVK"]
[SourceTitle "EXT 2008"]
[Source "ChessBase"]
[SourceDate "2007.11.25"]
[SourceVersion "1"]
[SourceVersionDate "2007.11.25"]
[SourceQuality "1"]

1. e4 e5 2. Nf3 Nc6 3. Bb5 a6 4. Ba4 b5 5. Bb3 Bc5 6. 0-0 Nf6 7. Re1 0-0 8. c3 d6 9. d3 h6 10. Be3 Bxe3 11. Rxe3 Ne7 12. Nbd2 Kh8 13. d4 Ng4 14. Re1 exd4 15. cxd4 f5 16. h3 fxe4 17. Nxe4 Nf6 18. Qe2 1/2-1/2

[Event "SVK-ch U16"]
[Site "Brezova pod Bradlom"]
[Date "2006.03.07"]
[Round "5"]
[White "Sremanak, Slavomir"]
[Black "Bona, Zoltan"]
[Result "1-0"]
[WhiteElo "2043"]
[BlackElo "1747"]
[PlyCount "71"]
[EventDate "2006.03.05"]
[EventType "swiss"]
[EventRounds "9"]
[EventCountry "SVK"]
[SourceTitle "EXT 2008"]
[Source "ChessBase"]
[SourceDate "2007.11.25"]
[SourceVersion "1"]
[SourceVersionDate "2007.11.25"]
[SourceQuality "1"]

1. e4 e5 2. Nf3 Nc6 3. Bb5 a6 4. Ba4 b5 5. Bb3 Bc5 6. 0-0 Nge7 7. Ng5 0-0 8. Qh5 h6 9. Nxf7 Rxf7 10. Qxf7+ Kh8 11. d3 d5 12. exd5 Nd4 13. Nc3 Bb7 14. Be3 b4 15. Ne4 Nxb3 16. Bxh6 Qg8 17. Qxg8+ Rxg8 18. axb3 Bd4 19. Bd2 Bxb2 20. Ra2 Bd4 21. Bxb4 Nxd5 22. Bd2 Rf8 23. c3 Ba7 24. c4 Nf6 25. Nxf6 Rxf6 26. Be3 Rg6 27. g3 Bxe3 28. fxe3 Rd6 29. Rd1 e4 30. d4 Rb6 31. Rdd2 Rxb3 32. Rdb2 Rxb2 33. Rxb2 Bc6 34. Rb8+ Kh7 35. Rc8 a5 36. Rxc7 1-0

[Event "SVK-chT2B 0506"]
[Site "Slovakia"]
[Date "2005.12.17"]
[Round "5.4"]
[White "Bona, Zoltan"]
[Black "Szaraz, Vojtech Sr"]
[Result "0-1"]
[WhiteElo "1747"]
[BlackElo "2065"]
[PlyCount "68"]
[EventDate "2005.10.22"]
[EventType "team-tourn"]
[EventRounds "11"]
[EventCountry "SVK"]
[SourceTitle "EXT 2008"]
[Source "ChessBase"]
[SourceDate "2007.11.25"]
[SourceVersion "1"]
[SourceVersionDate "2007.11.25"]
[SourceQuality "1"]

1. e4 d5 2. exd5 Qxd5 3. Nc3 Qa5 4. Bc4 Nf6 5. d3 c6 6. Bd2 Qc7 7. h3 Bf5 8. Qf3 e6 9. Nge2 Nbd7 10. g4 Bg6 11. Qg2 0-0-0 12. 0-0-0 Nb6 13. Bb3 Bd6 14. Ne4 Bxe4 15. dxe4 Nfd7 16. f4 Nc5 17. Be3 Nxb3+ 18. axb3 Qe7 19. Nc3 Bc5 20. Qf2 Bxe3+ 21. Qxe3 Qb4 22. e5 Kb8 23. Rd2 Nd5 24. Nxd5 Rxd5 25. Rxd5 cxd5 26. Rd1 Rc8 27. Qd4 Qxb3 28. Qd3 Qa4 29. b3 Qxf4+ 30. Kb1 Qxe5 31. Qxh7 a5 32. Rf1 a4 33. bxa4 Rc4 34. Rxf7 Rb4+ 0-1

[Event "SVK-chT2B 0506"]
[Site "Slovakia"]
[Date "2005.10.22"]
[Round "1.5"]
[White "Podoba, Milan"]
[Black "Bona, Zoltan"]
[Result "1-0"]
[WhiteElo "2120"]
[BlackElo "1747"]
[PlyCount "99"]
[EventDate "2005.10.22"]
[EventType "team-tourn"]
[EventRounds "11"]
[EventCountry "SVK"]
[SourceTitle "EXT 2008"]
[Source "ChessBase"]
[SourceDate "2007.11.25"]
[SourceVersion "1"]
[SourceVersionDate "2007.11.25"]
[SourceQuality "1"]

1. e4 e5 2. Nf3 Nc6 3. Bb5 a6 4. Ba4 Nf6 5. d4 exd4 6. 0-0 Be7 7. e5 Nd5 8. Nxd4 0-0 9. Re1 Bc5 10. Nf5 Nde7 11. Bg5 Qe8 12. Nd6 cxd6 13. exd6 f6 14. dxe7 Nxe7 15. Be3 Bxe3 16. Rxe3 Qd8 17. Qd6 Ng6 18. Nc3 Kh8 19. Rd1 b5 20. Bb3 Bb7 21. Qxd7 Qb6 22. Re6 Qa7 23. Bd5 Bc8 24. Qxa7 Rxa7 25. Rd6 Re7 26. f3 Nf4 27. Be4 f5 28. Rd8 Kg8 29. Rxf8+ Kxf8 30. Rd8+ Kf7 31. Rxc8 fxe4 32. Nxe4 Nd5 33. Kf2 h6 34. a3 Nb6 35. Rc6 Nc4 36. Nd6+ Nxd6 37. Rxd6 Rc7 38. c3 a5 39. Rb6 Rc5 40. f4 Rd5 41. Ke3 h5 42. b3 Rc5 43. Kd4 Rf5 44. g3 h4 45. c4 bxc4 46. bxc4 g5 47. Rb5 Rf6 48. Rxg5 hxg3 49. hxg3 a4 50. c5 1-0